Statistiques concernant Villes de France par images 2

Cliquez ici pour prendre le quiz!

Statistiques générales

  • Ce quiz a été pris 135 fois
  • Le résultat moyen est 8 sur 20

Statistiques - réponses

Réponse% Correct
La Rochelle
88%
Biarritz
57%
Nancy
55%
Rouen
55%
Brest
52%
Limoges
52%
Perpignan
47%
Clermont-Ferrand
46%
Metz
46%
Mulhouse
42%
Caen
40%
Pau
34%
Bourges
31%
Vannes
31%
Aix-en-Provence
30%
Lens
30%
Béziers
25%
Bayonne
20%
Villeurbanne
13%
Brive-la-Gaillarde
9%

Distribution des résultats

Percentile par nombre de réponses

% des personnes avec chaque résultat

Votre développement - résultats

Vous n’avez pas pris ce quiz